100 największych miast w Rosji na mapie - Statystyki

Ogólne statystyki
  • Ten quiz został rozwiązany 2 516 razy
    2 515 od ostatniego zresetowania
  • Średni wynik to 31 z 100
Odpowiedzi na mapie
Odpowiedzi zakodowano w zielono-czerwonej skali na mapie do tego quizu, zgodnie z poniższymi procentami.
 
Statystyki odpowiedzi
Obwód/Kraj/Republika Pop Miasto % Poprawnych
Moskwa 13,0 mln Moskwa
99%
Obwód królewiecki 490 tys. Królewiec
85%
Petersburg 5,60 mln Sankt Petersburg
81%
Kraj Nadmorski 603 tys. Władywostok
77%
Republika Tatarstanu 1,30 mln Kazań
71%
Obwód wołgogradzki 1,02 mln Wołgograd
70%
Obwód murmański 270 tys. Murmańsk
66%
Sewastopol 547 tys. Sewastopol
66%
Obwód rostowski 1,14 mln Rostów nad Donem
65%
Obwód smoleński 316 tys. Smoleńsk
63%
Obwód nowosybirski 1,63 mln Nowosybirsk
62%
Obwód irkucki 617 tys. Irkuck
61%
Kraj Krasnodarski 466 tys. Soczi
61%
Obwód omski 1,12 mln Omsk
60%
Kraj Krasnodarski 1,09 mln Krasnodar
58%
Niżny Nowogród 1,22 mln Niżny Nowogród
58%
Obwód swierdłowski 1,54 mln Jekaterynburg
57%
Republika Jakucja 355 tys. Jakuck
56%
Republika Baszkortostan 1,14 mln Ufa
56%
Republika Czeczenia 328 tys. Grozny
54%
Obwód archangielski 301 tys. Archangielsk
52%
Kraj Permski 1,03 mln Perm
52%
Obwód samarski 1,15 mln Samara
52%
Obwód czelabiński 1,18 mln Czelabińsk
48%
Obwód niżnonowogrodzki 1,18 mln Krasnojarsk
47%
Obwód kurski 440 tys. Kursk
46%
Obwód woroneski 1,05 mln Woroneż
45%
Republika Dagestan 623 tys. Machaczkała
42%
Obwód jarosławski 577 tys. Jarosław
41%
Obwód pskowski 193 tys. Psków
41%
Obwód astrachański 475 tys. Astrachań
40%
Obwód tomski 556 tys. Tomsk
40%
Obwód tulski 473 tys. Tuła
38%
Obwód Saratowski 901 tys. Saratów
37%
Republika Krymu 340 tys. Symferopol
36%
Obwód riazański 528 tys. Riazan
33%
Obwód biełgorodzki 339 tys. Biełgorod
32%
Obwód briański 379 tys. Briańsk
31%
Obwód orłowski 303 tys. Orzeł
31%
Kraj Chabarowski 617 tys. Chabarowsk
29%
Obwód tiumeński 847 tys. Tiumeń
29%
Obwód orenburski 543 tys. Orenburg
28%
Obwód twerski 416 tys. Twer
28%
Obwód włodzimierski 349 tys. Włodzimierz
28%
Kraj Zabajkalski 334 tys. Czyta
27%
Obwód nowogrodzki 224 tys. Nowogród Wielki
27%
Kraj Krasnodarski 262 tys. Noworosyjsk
27%
Obwód samarski 684 tys. Togliatti
27%
Republika Osetia Północna 295 tys. Władykaukaz
27%
Republika Buriacja 437 tys. Ułan Ude
25%
Obwód uljanowski 617 tys. Uljanowsk
24%
Kraj Stawropolski 547 tys. Stawropol
23%
Republika Udmurcka 623 tys. Iżewsk
22%
Obwód lipiecki 496 tys. Lipieck
22%
Obwód kałużski 337 tys. Kaługa
21%
Obwód iwanowski 361 tys. Iwanowo
19%
Obwód kirowski 468 tys. Kirow
19%
Obwód penzeński 501 tys. Penza
19%
Obwód wołogodzki 313 tys. Wołogda
19%
Obwód moskiewski 257 tys. Chimki
18%
Obwód kemerowski 557 tys. Kemerowo
17%
Obwód czelabiński 410 tys. Magnitogorsk
17%
Obwód swierdłowski 338 tys. Niżny Tagił
17%
Obwód moskiewski 314 tys. Podolsk
17%
Obwód tambowski 261 tys. Tambow
17%
Republika Mordowia 314 tys. Sarańsk
16%
Kraj Chabarowski 238 tys. Komsomolsk nad Amurem
15%
Republika Karelia 234 tys. Pietrozawodsk
15%
Kraj Ałtajski 630 tys. Barnauł
14%
Obwód saratowski 225 tys. Engels
14%
Kabardo-Bałkaria 247 tys. Nalczyk
14%
Obwód kemerowski 537 tys. Nowokuźnieck
14%
Obwód orenburski 189 tys. Orsk
14%
Obwód irkucki 224 tys. Brack
13%
Obwód kostromski 267 tys. Kostroma
13%
Obwód amurski 241 tys. Błagowieszczeńsk
12%
Republika Czuwaszja 497 tys. Czeboksary
12%
Obwód niżnonowogrodzki 218 tys. Dzierżyńsk
12%
Obwód kurgański 310 tys. Kurgan
12%
Republika Tatarstanu 548 tys. Nabierieżnyje Czełny
12%
Chanty-Mansyjski Okręg Autonomiczny 396 tys. Surgut
12%
Obwód rostowski 226 tys. Szachty
12%
Obwód rostowski 245 tys. Taganrog
11%
Obwód wołogodzki 305 tys. Czerepowiec
10%
Republika Chakasja 184 tys. Abakan
9%
Obwód irkucki 221 tys. Angarsk
9%
Republika Mari El 281 tys. Joszkar-Oła
9%
Obwód biełgorodzki 221 tys. Stary Oskoł
9%
Republika Komi 220 tys. Syktywkar
9%
Obwód wołgogradzki 321 tys. Wołżski
9%
Obwód moskiewski 520 tys. Bałaszycha
8%
Kraj Krasnodarski 187 tys. Armawir
7%
Obwód saratowski 184 tys. Bałakowo
7%
Obwód moskiewski 187 tys. Krasnogorsk
7%
Chanty-MansyjskiOkręg Autonomiczny 283 tys. Niżniewartowsk
7%
Republika Baszkortostan 277 tys. Sterlitamak
7%
Obwód moskiewski 224 tys. Lubiercy
6%
Obwód moskiewski 255 tys. Mytiszczi
6%
Republika Tatarstan 241 tys. Niżniekamsk
6%
Obwód moskiewski 228 tys. Korolow
5%
Nie znaleziono quizów pasujących do podanych kryteriów
Rozkład punktacji
Procent ludzi z każdym wynikiem
Percentyl według liczby udzielonych odpowiedzi
Twoja historia wyników
Nie rozwiązałeś tego quizu od ostatniego zresetowania